Morfologie sociali e culturali in Europa fra tarda Antichità e alto Medioevo: 3 - 9 aprile 1997
| Corporate Author: | |
|---|---|
| Format: | Print Book |
| Language: | Italian English French |
| Subito Delivery Service: | Order now. |
| Check availability: | HBZ Gateway |
| Interlibrary Loan: | Interlibrary Loan for the Fachinformationsdienste (Specialized Information Services in Germany) |
| Published: |
Spoleto
Presso la Sede del Centro
1998-
|
| In: | Year: 1998 |
| Series/Journal: | Settimane di studio del Centro Italiano di Studi sull'Alto Medioevo
45 |
| Standardized Subjects / Keyword chains: | B
Europe
/ Culture
/ Society
/ History 300-1000
|
| Further subjects: | B
Conference program 1997 (Spoleto)
|
MARC
| LEADER | 00000cam a2200000 ca4500 | ||
|---|---|---|---|
| 001 | 1136088784 | ||
| 003 | DE-627 | ||
| 005 | 20251225180422.0 | ||
| 007 | tu | ||
| 008 | 980527m19989999xx ||||| 00| ||ita c | ||
| 020 | |a 8879880446 |9 88-7988-044-6 | ||
| 035 | |a (DE-627)1136088784 | ||
| 035 | |a (DE-576)06608878X | ||
| 035 | |a (DE-599)BSZ06608878X | ||
| 035 | |a (DE-604)8120771888 | ||
| 040 | |a DE-627 |b ger |c DE-627 |e rakwb | ||
| 041 | |a ita |a eng |a fre | ||
| 082 | 0 | |a 940.1/2 | |
| 084 | |a 9,10 |a 1 |2 ssgn | ||
| 084 | |a NM 1400 |2 rvk |0 (DE-625)rvk/126291: | ||
| 191 | |a 1 | ||
| 245 | 0 | 0 | |a Morfologie sociali e culturali in Europa fra tarda Antichità e alto Medioevo |b 3 - 9 aprile 1997 |c Centro Italiano di Studi sull'Alto Medioevo |
| 264 | 1 | |a Spoleto |b Presso la Sede del Centro |c 1998- | |
| 336 | |a Text |b txt |2 rdacontent | ||
| 337 | |a ohne Hilfsmittel zu benutzen |b n |2 rdamedia | ||
| 338 | |a Band |b nc |2 rdacarrier | ||
| 490 | 0 | |a Settimane di studio del Centro Italiano di Studi sull'Alto Medioevo |v 45 | |
| 500 | |a Beitr. teilw. engl., teilw. franz., teilw. ital | ||
| 655 | 7 | |a Konferenzschrift |y 1997 |z Spoleto |0 (DE-588)1071861417 |0 (DE-627)826484824 |0 (DE-576)433375485 |2 gnd-content | |
| 689 | 0 | 0 | |d g |0 (DE-588)4015701-5 |0 (DE-627)104289007 |0 (DE-576)208913092 |2 gnd |a Europa |
| 689 | 0 | 1 | |d s |0 (DE-588)4125698-0 |0 (DE-627)104470348 |0 (DE-576)209578750 |2 gnd |a Kultur |
| 689 | 0 | 2 | |d s |0 (DE-588)4020588-5 |0 (DE-627)106317520 |0 (DE-576)208933956 |2 gnd |a Gesellschaft |
| 689 | 0 | 3 | |q z |2 gnd |a Geschichte 300-1000 |
| 689 | 0 | |5 (DE-627) | |
| 710 | 2 | |0 (DE-588)7740-9 |0 (DE-627)100228887 |0 (DE-576)190188294 |4 oth |a Centro italiano di studi sull'alto medioevo | |
| 889 | |w (DE-627)1739719549 | ||
| 935 | |a mteo | ||
| 936 | r | v | |a NM 1400 |b Kirchengeschichte, Geistes- und Kulturgeschichte |k Geschichte |k Geschichte des Mittelalters |k Quellen und Darstellungen zum Gesamtzeitraum |k Darstellungen |k Kirchengeschichte, Geistes- und Kulturgeschichte |0 (DE-627)1270944614 |0 (DE-625)rvk/126291: |0 (DE-576)200944614 |
| 951 | |a MC | ||
| ACO | |a 1 | ||
| ELC | |b 1 | ||
| ITA | |a 1 | ||
| LOK | |0 000 xxxxxcx a22 zn 4500 | ||
| LOK | |0 001 2327700248 | ||
| LOK | |0 003 DE-627 | ||
| LOK | |0 004 1136088784 | ||
| LOK | |0 005 20200212144635 | ||
| LOK | |0 008 980706||||||||||||||||ger||||||| | ||
| LOK | |0 040 |a DE-21-35 |c DE-627 |d DE-21-35 | ||
| LOK | |0 852 |a DE-21-35 | ||
| LOK | |0 852 1 |c Kd 31.01-45 |m p |9 00 | ||
| LOK | |0 852 2 |b Magazin |9 00 | ||
| LOK | |0 938 |k p | ||
| LOK | |0 938 |l K6 |8 0 | ||
| LOK | |0 939 |a 06-07-98 |b l01 | ||
| LOK | |0 000 xxxxxcx a22 zn 4500 | ||
| LOK | |0 001 2500562441 | ||
| LOK | |0 003 DE-627 | ||
| LOK | |0 004 1136088784 | ||
| LOK | |0 005 20080617145115 | ||
| LOK | |0 008 060105||||||||||||||||ger||||||| | ||
| LOK | |0 040 |a DE-21-32b |c DE-627 |d DE-21-32b | ||
| LOK | |0 852 |a DE-21-32b | ||
| LOK | |0 852 1 |m p |9 00 | ||
| LOK | |0 935 |a k32b |a kneu | ||
| LOK | |0 938 |k p | ||
| LOK | |0 939 |a 05-01-06 |b l01 | ||
| ORI | |a SA-MARC-ixtheoa001.raw | ||
| REF | |a Kulturgeschichte | ||
| REL | |a 1 | ||
| SPR | |a 1 |t IXT | ||
| STA | 0 | 0 | |a Culture,Culture,Culture,Europe,Europe,Europe,The West,Occident,Northeastern Europe,Society,Society,Society in art |
| STB | 0 | 0 | |a Culture,Culture,Civilisation,Civilisation,Culture,Civilisation (motif),Civilisation,Europe,Société,Société |
| STC | 0 | 0 | |a Cultura,Cultura,Europa,Sociedad,Sociedad,Sociedad |
| STD | 0 | 0 | |a Cultura,Cultura,Europa,Società,Società |
| STE | 0 | 0 | |a 文化,社会 |
| STF | 0 | 0 | |a 文化,社會 |
| STG | 0 | 0 | |a Cultura,Cultura,Europa,Sociedade,Sociedade |
| STH | 0 | 0 | |a Европа (мотив),Культура (мотив),Культура,Общество (мотив),Общество |
| STI | 0 | 0 | |a Ευρώπη (μοτίβο),Κοινωνία (μοτίβο),Κοινωνία,Πολιτισμός <μοτίβο>,Πολιτισμός,Κουλτούρα,Κουλτούρα (μοτίβο) |
| SUB | |a REL | ||
| SYG | 0 | 0 | |a Liberté,Europa III,Europe,Europäische Länder,Europäische Staaten , Abendland,Okzident , Culture , Society,Bürgergesellschaft,Bürgerliche Gesellschaft |
| TIM | |a 100003000101_100010001231 |b Geschichte 300-1000 | ||



